| Tag |
First Indicator |
Second Indicator |
Subfields |
| LEADER |
00000cam a2200000 4500 |
| 001 |
in00000032458 |
| 005 |
20151007061751.0 |
| 008 |
731106s1957 mau 00001 eng u |
| 010 |
|
|
|a 56009071
|
| 035 |
|
|
|a (OCoLC)00735446
|
| 035 |
|
|
|9 AAD3004AM
|
| 040 |
|
|
|c HCD
|d TXA
|d UtOrBLW
|
| 049 |
|
|
|a TXAM
|c [276815]
|
| 050 |
|
0 |
|a PZ3.B5435
|b Say
|
| 090 |
|
|
|a PS3503.I815
|b S39 1957
|
| 092 |
|
|
|a 813
|b B623s
|
| 100 |
1 |
|
|a Bissell, Richard,
|d 1913-1977.
|
| 245 |
1 |
0 |
|a Say, darling ;
|b a new novel.
|
| 264 |
|
1 |
|a Boston :
|b Little, Brown,
|c [1957]
|
| 300 |
|
|
|a 308 pages ;
|c 21 cm.
|
| 336 |
|
|
|a text
|b txt
|2 rdacontent
|
| 337 |
|
|
|a unmediated
|b n
|2 rdamedia
|
| 338 |
|
|
|a volume
|b nc
|2 rdacarrier
|
| 999 |
|
|
|a MARS
|
| 999 |
f |
f |
|s 5deef63f-e599-3e9f-8950-e3b8bec0aeb9
|i 7e66831a-ab80-3f11-a4f3-e1e3a7edcfec
|t 0
|
| 952 |
f |
f |
|p ric
|a Texas A&M University
|b Rellis Campus
|c Joint Library Facility
|d Remote Storage
|t 0
|e PS3503.I815 S39 1957
|h Library of Congress classification
|i unmediated -- volume
|m A14801229400
|
| 998 |
f |
f |
|a PS3503.I815 S39 1957
|t 0
|l Remote Storage
|